000 00986nam a22002537i 4500
005 20251229084251.0
008 250906s204 jo ||||gr|||| 00| 0 ara d
020 _a9789923323281
040 _aJO-AmGAM
_erda
082 1 4 _a796.812
_bد ر ا
100 1 _aالدراويش، وجيه يونس محمد
_eمؤلف.
245 1 0 _aكاتات الشوتوكان :
_bكاتات متقدمة /
_cإعداد وتأليف الخبير العربي الأردني وجيه يونس محمد الدراويش.
250 _aالطبعة الأولى.
264 3 1 _aعمان :
_bدار بافا العلمية للنشر والتوزيع،
_c2024.
300 _a313 صفحة.
336 _2rdacontent
_aنص
_btxt
337 _2rdamedia
_aدون وسيط عرض
_bn
338 _2rdacarrier
_aمجلد
_bnc
650 7 1 _aألعاب المبارزة.
650 7 1 _aالألعاب الرياضية.
650 7 1 _aالكاراتيه.
942 _2ddc
_cBK
999 _c247659
_d247659